| 000 | 00604nam a2200217 4500 | ||
|---|---|---|---|
| 003 | SEACOMEC | ||
| 005 | 20241126132347.0 | ||
| 008 | 231006b |||||||| |||| 00| 0 eng d | ||
| 020 |
_c$7.25 _a978-0071231510 |
||
| 040 | _aSEACOMEC | ||
| 082 |
_a005.74 _bR165 |
||
| 100 | 1 | _aRamakrishnan, Raghu | |
| 245 | 1 |
_aDatabase Management systems/ _cRaghu Ramakrishnan and Johannes Gehrke |
|
| 250 | _a3rd ed. | ||
| 260 |
_aBoston _bMcGraw-Hill _c2003 |
||
| 300 | _a936 p | ||
| 650 | _aComputer programming, programs, data | ||
| 650 | _aData files and databases | ||
| 700 | 1 | _aGehrke, Johannes | |
| 942 | _cBOOK | ||
| 999 |
_c128 _d128 |
||